000 00320nam a2200121Ia 4500
008 190722s9999 xx 000 0 und d
020 _a978-81-8487-404-4
100 _aS.L.Kakani .K.C Bhandari
245 0 _aElectronics Theory & Applications
260 _aNew Delhi
_bNarosa House
_c2015
300 _a130
942 _cBK
999 _c1035
_d1035